Statistics for Kung Fu Panda - Characters by Picture

Click here to take the quiz!

General Stats

  • This quiz has been taken 67 times
    (61 since last reset)
  • The average score is 14 of 157

Answer Stats

Answer% Correct
Po
100%
Crane
97%
Master Shifu
97%
Tigress
97%
Mantis
94%
Monkey
94%
Viper
87%
Grand Master Oogway
84%
Tai Lung
71%
General Kai
58%
Croc
45%
Mr. Ping
45%
Lord Shen
42%
Master Chicken
35%
Thundering Rhino
32%
Master Bear
29%
Storming Ox
29%
Soothsayer
19%
Great Master Viper
16%
Li Shan
16%
Scorpion
16%
Wolf Boss
16%
Mei Mei
13%
Boar
10%
Lei Lei
10%
Temutai
10%
Zeng
10%
Dim
6%
Fung
6%
Grandma Panda
6%
Peng
6%
Sum
6%
Taotie
6%
Bian-Zao
3%
Chao
3%
Commander Vachir
3%
Elephant
3%
Fenghuang
3%
Fu-xi
3%
Gahri
3%
Hundun
3%
Ke-Pa
3%
Klaus Dumont
3%
Mugan
3%
Sir Luthera / Wandering Blade
3%
Veruca Dumont
3%
Yao
3%
Zan
3%
Akna
0%
Alfie
0%
Baigujing
0%
Bai Li
0%
Bao
0%
Big Fun
0%
Bingwen
0%
Bunnidharma
0%
Chang
0%
Changpu
0%
Chen
0%
Chuntao
0%
Colin
0%
Constable Hu
0%
Diya
0%
Dosu
0%
Drake
0%
Earth
0%
Elder Huang
0%
Emperor
0%
Emperor Kang Zi
0%
Fang
0%
Fan Tong
0%
Forouzan
0%
General Tsin
0%
Han Sr.
0%
Hao
0%
Heilang
0%
High Priestess
0%
Hom-Lee
0%
Hong
0%
Huifang
0%
Jade Tusk
0%
Jayesh
0%
Jindiao
0%
Jing
0%
Jing Mei
0%
Jong Sung Jai Kai Chow
0%
Ju-Long
0%
Kim
0%
Kira Kozu
0%
Ku Ku
0%
Kuo
0%
Kwan
0%
Kweng
0%
Kyle
0%
Lao
0%
Laoshu
0%
Lian
0%
Lidong
0%
Lu Kang
0%
Lupo
0%
Lu-Shi
0%
Madame Zhao
0%
Makesi
0%
Master Cheng
0%
Master Ding
0%
Master Junjie
0%
Master Lun
0%
Master Yijiro
0%
Mei Li
0%
Mei Ling
0%
Mei Ling
0%
Meng Meng
0%
Meng Tao
0%
Ming
0%
Mrs. Gow
0%
Mrs. Yoon
0%
Mr. Yeung
0%
Nu Hai
0%
Padma
0%
Pai Mei
0%
Pei Pei
0%
Pen Fang
0%
Pious Chan
0%
Princess Xiao
0%
Qilin
0%
Qinchu
0%
Queen of England
0%
Queen Zuma
0%
Rabia
0%
Red Phoenix
0%
Rukhmini
0%
Sai So
0%
Sanzu
0%
Shengqi
0%
Shi Long
0%
Shirong
0%
Shi Wo
0%
Shuai Shuai
0%
Song
0%
Su
0%
Sun Wukong
0%
Su Wu / Wing Wu / Wan Wu
0%
The Undertaker
0%
Tong Fo
0%
Weimin
0%
White Tiger
0%
Wing
0%
Wo Hop
0%
Wong
0%
Wu Kong
0%
Wupo
0%
Wu Yong
0%
Xiao Niao
0%
Yan Fan
0%
Yoo
0%
Zhen
0%
Zhihui
0%

Score Distribution

Percentile by Number Answered

Percent of People with Each Score

Your Score History

You have not taken this quiz since the last reset